000 00805aam a2200289 i 4500
001 768714001
003 CO-MdFUSB
005 20250826153605.0
007 ta
008 250826t1972 -us |||| |||| 00| 0 eng d
040 _cCO-MdFUSB
041 0 _aeng
082 0 4 _223
_a248.844
_bE9242y
100 1 _aEvans, Louis H. (Hadley) (1897-)
_eautor
245 1 0 _aYour Marriage -- Duel or Duet?
_c/ Louis H. Evans
264 1 _bSpire Book,
_aOld Tappan, N.J., USA :
_c[1972]
264 4 _c©1972
300 _a125 páginas
336 _atexto
_btxt
_2rdacontent
337 _2rdamedia
_asin mediación
_bn
338 _2rdacarrier
_avolumen
_bnc
563 _aRústico
650 7 _aMatrimonio
_xAspectos religiosos
_bCristianismo
_9291
942 _cBK
945 _aJTF-925
999 _c41030
_d41030